00348nam a2200133Ia 4500003000400000008004100004040001600045082001300061100001900074245006100093260003400154650001200188650001400200GCL140319s9999 xx 000 0 eng d aGCL / cGCL04a540bL C1 aLIDE, DAVID R.10aCRC HANDBOOK OF CHEMISTRY AND PHYSICS / cLIDE, DAVID R. a[S.N] : bCRC PRESS ، c199104aPHYSICS04aCHEMISTRY